00471nam a2200181Ia 4500003000400000005001700004008004100021020001800062040000700080041000800087082002400095100002400119245006400143250000600207260004700213300001600260365001300276OSt20230331162709.0210423s2010 xx 000 0 und d a9788177585629 cAL aeng a658.150954 PATB223 aPATHAK (Bharati V). aIndian financial system: markets institutions and services. a2 aNew DelhibPearson Education Pvt Ltdc2010 axiv,735bPB b435cINR